A comparative study of Islamic banking in Pakistan : proposing and testing a model /
Saved in:
| Main Author: | |
|---|---|
| Format: | Thesis |
| Language: | English |
| Published: |
Pakistan :
Foundation University Islamabad,
2009
|
| Subjects: | |
| Tags: |
Add Tag
No Tags, Be the first to tag this record!
|
| LEADER | 012820000a22002650004500 | ||
|---|---|---|---|
| 008 | 150915n2009 pk a f 000 0 eng d | ||
| 040 | |a UIAM |b eng |e rda | ||
| 084 | |a BPH236.3.P3 | ||
| 100 | 1 | |a Ahmad, Ashfaq | |
| 245 | 1 | 2 | |a A comparative study of Islamic banking in Pakistan : |b proposing and testing a model / |c by Ashfaq Ahmad |
| 264 | 1 | |a Pakistan : |b Foundation University Islamabad, |c 2009 | |
| 300 | |a xix, 201 leaves : |b illustrations ; |c 30 cm. | ||
| 336 | |2 rdacontent |a text | ||
| 337 | |2 rdamedia |a unmediated | ||
| 338 | |2 rdacarrier |a volume | ||
| 500 | |a "A thesis sumitted to the FUIEMS, Foundation University, Islamabad in partial fulfillmeent of the requirements for the degree of Doctor of Philosophy in Management Sciences" -- On t.p. | ||
| 502 | |a Thesis (Ph.D)--Foundation University, Islamabad, 2009. | ||
| 504 | |a Includes bibliographical references (leaves 160-184). | ||
| 596 | |a 4 | ||
| 655 | |a Theses, non-IIUM | ||
| 691 | |a Banks and banking, Islamic |z Pakistan | ||
| 710 | 2 | |a Foundation University, Islamabad. |b Faculty of Management Sciences | |
| 900 | |a zms-arf-sar-ros | ||
| 999 | |c 438689 |d 467600 | ||
| 952 | |0 0 |6 TI BPH 236.3 P3 A36 2009 |7 0 |8 THESES |9 759743 |a IIiBFL |b IIiBFL |c CLOSEACCES |g 375.00 |o ti BPH 236.3 P3 A36 2009 |p 11100324187 |r 2018-01-30 |t 1 |v 375.00 |y THESIS | ||
